000 00838cas a2200157 4500
008 170427n eng u
022 _a10601503
035 _a(Sirsi) a202647
050 _ahttp://www.jstor.org/subject/britstud
245 _aVictorian Literature and Culture
260 _aJSTOR
310 _aBi - annual
362 _aVol. 25 , No. 1 , 1997 - Vol. 39 , No. 2 , 2011
520 _aVLC encourages high quality original work concerned with all areas of Victorian literature and culture, including music and the fine arts. The journal presents work at the cutting edge of current research, including exciting new studies in untouched subjects or new methodologies. Contributions are welcomed from internationally established scholars as well as younger members of the profession.
650 _aBritish Studies
999 _c5883
_d5883